MySQL database usage & administration / (Record no. 20458)
[ view plain ]
| 000 -LEADER | |
|---|---|
| fixed length control field | 01501cam a2200301 a 4500 |
| 001 - CONTROL NUMBER | |
| control field | 15875729 |
| 005 - DATE AND TIME OF LATEST TRANSACTION | |
| control field | 20201128021452.0 |
| 008 - FIXED-LENGTH DATA ELEMENTS--GENERAL INFORMATION | |
| fixed length control field | 090820t2010 nyua frb 001 0 eng d |
| 020 ## - INTERNATIONAL STANDARD BOOK NUMBER | |
| International Standard Book Number | 0071605495 (alk. paper) |
| 020 ## - INTERNATIONAL STANDARD BOOK NUMBER | |
| International Standard Book Number | 9780071605496 (alk. paper) |
| 040 ## - CATALOGING SOURCE | |
| Original cataloging agency | DLC |
| Language of cataloging | eng |
| Transcribing agency | DLC |
| Modifying agency | EG-ScBUE |
| -- | EG-ScBUE |
| 082 04 - DEWEY DECIMAL CLASSIFICATION NUMBER | |
| Classification number | 005.7585 |
| Item number | VAS |
| Edition number | 22 |
| 100 1# - MAIN ENTRY--PERSONAL NAME | |
| Personal name | Vaswani, Vikram. |
| 9 (RLIN) | 39153 |
| 245 10 - TITLE STATEMENT | |
| Title | MySQL database usage & administration / |
| Statement of responsibility, etc | Vikram Vaswani. |
| 246 3# - VARYING FORM OF TITLE | |
| Title proper/short title | MySQL database usage and administration |
| 260 ## - PUBLICATION, DISTRIBUTION, ETC. (IMPRINT) | |
| Place of publication, distribution, etc | New York : |
| Name of publisher, distributor, etc | McGraw-Hill, |
| Date of publication, distribution, etc | c.2010. |
| 300 ## - PHYSICAL DESCRIPTION | |
| Extent | xix, 348 p. : |
| Other physical details | ill. ; |
| Dimensions | 24 cm. |
| 490 0# - SERIES STATEMENT | |
| Series statement | Advanced skills from the experts |
| 500 ## - GENERAL NOTE | |
| General note | Index : p. 335-348. |
| 504 ## - BIBLIOGRAPHY, ETC. NOTE | |
| Bibliography, etc | Includes bibliographical references. |
| 505 0# - FORMATTED CONTENTS NOTE | |
| Formatted contents note | An introduction to MySQL -- Understanding basic commands -- Making design decisions -- Using joins, subqueries, and views -- Using transactions -- Using stored procedures and functions -- Using triggers and scheduled events -- Working with data in different formats -- Optimizing performance -- Performing basic server administration -- Managing users and controlling access -- Performing maintenance, backup, and recovery -- Replicating data -- Installing MySQL and the sample database. |
| 630 07 - SUBJECT ADDED ENTRY--UNIFORM TITLE | |
| Uniform title | MySQL (Electronic resource) |
| Source of heading or term | BUEsh |
| 9 (RLIN) | 21440 |
| 650 #7 - SUBJECT ADDED ENTRY--TOPICAL TERM | |
| Topical term or geographic name as entry element | Relational databases. |
| Source of heading or term | BUEsh |
| 9 (RLIN) | 2656 |
| 651 ## - SUBJECT ADDED ENTRY--GEOGRAPHIC NAME | |
| Source of heading or term | BUEsh |
| 653 ## - INDEX TERM--UNCONTROLLED | |
| Resource For college | Informatics and Computer Science |
| Arrived date list | August2015 |
| -- | January2016 |
| 650 #7 - SUBJECT ADDED ENTRY--TOPICAL TERM | |
| 9 (RLIN) | 33834 |
| Topical term or geographic name as entry element | Client/server computing |
| Source of heading or term | BUEsh |
| 942 ## - ADDED ENTRY ELEMENTS (KOHA) | |
| Source of classification or shelving scheme | Dewey Decimal Classification |
| Call number prefix | 005.7585 VAS |
| Withdrawn status | Lost status | Source of classification or shelving scheme | Damaged status | Not for loan | Koha collection | Home library | Current library | Shelving location | Date acquired | Source of acquisition | Cost, normal purchase price | Serial Enumeration / chronology | Total Checkouts | Full call number | Barcode | Date last seen | Cost, replacement price | Koha item type |
|---|---|---|---|---|---|---|---|---|---|---|---|---|---|---|---|---|---|---|
| Dewey Decimal Classification | Baccah | Central Library | Central Library | Lower Floor | 04/08/2015 | Purchase | 320.00 | 21759 | 005.7585 VAS | 000030742 | 15/07/2025 | 400.00 | Book - Borrowing |